Анализ данных системы автоматизации погружных центробежных насосов при добыче урана методом СПВ с целью выявления аномалий; Молодежь и современные информационные технологии

Detalhes bibliográficos
Parent link:Молодежь и современные информационные технологии.— 2024.— С. 646-650
Autor principal: Колотихин Е. И.
Outros Autores: Ефремов А. А. Александр Александрович, Щипков А. А. Александр Андреевич
Resumo:В работе описывается подход к управлению процессами посредством интеграции технологий Индустрии 4.0: Интернета вещей (беспроводной связи) и дополненной реальности. Разрабатывается архитектура системы автоматического управления с использованием беспроводного протокола MQTT. Осуществляется практическая реализация архитектуры на примере системы автоматического регулирования (САР). В результате разработано AR-приложение для мониторинга параметров и управления процессами
Текстовый файл
Idioma:russo
Publicado em: 2024
Colecção:Автоматизация технологических процессов и производств
Assuntos:
Acesso em linha:http://earchive.tpu.ru/handle/11683/84766
Formato: MixedMaterials Recurso Electrónico Capítulo de Livro
KOHA link:https://koha.lib.tpu.ru/cgi-bin/koha/opac-detail.pl?biblionumber=676047

MARC

LEADER 00000naa2a2200000 4500
001 676047
005 20250226153306.0
090 |a 676047 
100 |a 20241030d2024 k||y0rusy50 ca 
101 0 |a rus 
102 |a RU 
135 |a drbn ---uucaa 
200 1 |a Анализ данных системы автоматизации погружных центробежных насосов при добыче урана методом СПВ с целью выявления аномалий  |f Колотихин Е. И., Ефремов А. А., Щипков А. А. 
225 1 |a Автоматизация технологических процессов и производств 
283 |2 RDAcarrier 
320 |a Список использованных источников: 3 назв 
330 |a В работе описывается подход к управлению процессами посредством интеграции технологий Индустрии 4.0: Интернета вещей (беспроводной связи) и дополненной реальности. Разрабатывается архитектура системы автоматического управления с использованием беспроводного протокола MQTT. Осуществляется практическая реализация архитектуры на примере системы автоматического регулирования (САР). В результате разработано AR-приложение для мониторинга параметров и управления процессами 
336 |a Текстовый файл 
463 |0 674802  |9 674802  |c Томск  |d 2024  |n Изд-во ТПУ  |o сборник трудов XXI Международной научно-практической конференции студентов, аспирантов и молодых ученых, 15–18 апреля 2024 г., Томск  |t Молодежь и современные информационные технологии  |u conference_tpu-2024-C04.pdf  |v С. 646-650  |f ред. кол. А. С. Фадеев, Н. Г. Марков, В. Г. Спицын [и др.] 
610 1 |a электронный ресурс 
610 1 |a труды учёных ТПУ 
610 1 |a корреляционный анализ 
610 1 |a анализ данных 
610 1 |a погружные центробежные насосы 
700 1 |a Колотихин  |b Е. И. 
701 1 |a Ефремов  |b А. А.  |c специалист в области информатики и вычислительной техники  |c старший преподаватель Томского политехнического университета  |f 1980-  |g Александр Александрович  |9 12238 
701 1 |a Щипков  |b А. А.  |c специалист в области автоматического управления  |c доцент Томского политехнического университета, кандидат технических наук  |g Александр Андреевич  |9 88620 
801 0 |a RU  |b 63413507  |c 20241030 
850 |a 63413507 
856 4 |u http://earchive.tpu.ru/handle/11683/84766  |z http://earchive.tpu.ru/handle/11683/84766 
942 |c CF